Čínské banky: stav a perspektivy

Rozhodnutie, príprava a proces ozdravenia čínskych bánk. Ustanovenie Čínskej bankovej regulačnej komisie (CBRC), ktorá prevezme rolu regulátora. Čínsky bankový systém. Možnosti zahraničných bánk zapojiť sa do reformy čínskeho bankovníctva. Konsolidačné spoločnosti v Číne.

Uložené v:
Podrobná bibliografia
Médium: Kapitola
Jazyk:Czech
Predmet:
Tagy: Pridať tag
Žiadne tagy, Buďte prvý, kto otaguje tento záznam!

MARC

LEADER 00000naa$a2200000$$$4500
001 0025099
005 20231010083943.6
041 0 |a cze 
044 |a CZ 
245 1 0 |a Čínské banky: stav a perspektivy 
520 |a Rozhodnutie, príprava a proces ozdravenia čínskych bánk. Ustanovenie Čínskej bankovej regulačnej komisie (CBRC), ktorá prevezme rolu regulátora. Čínsky bankový systém. Možnosti zahraničných bánk zapojiť sa do reformy čínskeho bankovníctva. Konsolidačné spoločnosti v Číne. 
610 2 0 |a bankovníctvo 
610 2 0 |a banky 
610 2 0 |a sústava banková 
610 2 0 |a Čína 
610 2 0 |a reformy 
610 2 0 |a reštrukturalizácia 
610 2 0 |a portfólio